The working brain; (Record no. 1109)
[ view plain ]
| 000 -LEADER | |
|---|---|
| fixed length control field | 00764cam a2200265 4500 |
| 005 - DATE AND TIME OF LATEST TRANSACTION | |
| control field | 20260322212047.0 |
| 008 - FIXED-LENGTH DATA ELEMENTS--GENERAL INFORMATION | |
| fixed length control field | data |
| 010 ## - LIBRARY OF CONGRESS CONTROL NUMBER | |
| LC control number | 72095540 //r85 |
| 020 ## - INTERNATIONAL STANDARD BOOK NUMBER | |
| International Standard Book Number | 0465092071 |
| 020 ## - INTERNATIONAL STANDARD BOOK NUMBER | |
| International Standard Book Number | 9780465092079 |
| 040 ## - CATALOGING SOURCE | |
| Original cataloging agency | DLC |
| Transcribing agency | DLC |
| Modifying agency | YUS |
| 041 1# - LANGUAGE CODE | |
| Language code of text/sound track or separate title | engrus |
| 049 ## - LOCAL HOLDINGS (OCLC) | |
| Holding library | YUSC |
| 050 0# - LIBRARY OF CONGRESS CALL NUMBER | |
| Classification number | QP360 |
| Item number | .L8713 1973 |
| 090 ## - LOCALLY ASSIGNED LC-TYPE CALL NUMBER (OCLC); LOCAL CALL NUMBER (RLIN) | |
| Classification number (OCLC) (R) ; Classification number, CALL (RLIN) (NR) | QP 360 L871 1973 |
| 001 - CONTROL NUMBER | |
| control field | data |
| 100 1# - MAIN ENTRY--PERSONAL NAME | |
| Personal name | Lurii︠a︡, A. R. |
| Fuller form of name | (Aleksandr Romanovich), |
| Dates associated with a name | 1902- |
| 245 14 - TITLE STATEMENT | |
| Title | The working brain; |
| Remainder of title | an introduction to neuropsychology |
| Statement of responsibility, etc. | [by] A. R. Luria. Translated by Basil Haigh. |
| 260 ## - PUBLICATION, DISTRIBUTION, ETC. | |
| Place of publication, distribution, etc. | New York, |
| Name of publisher, distributor, etc. | Basic Books |
| Date of publication, distribution, etc. | [c1973] |
| 300 ## - PHYSICAL DESCRIPTION | |
| Extent | 398 p. |
| Other physical details | illus. |
| Dimensions | 21 cm. |
| 350 ## - PRICE (NR) (BK AM CF MU VM SE) [OBSOLETE] | |
| Price | {dollar}12.50 |
| 504 ## - BIBLIOGRAPHY, ETC. NOTE | |
| Bibliography, etc. note | Bibliography: p. 345-371. |
| 590 ## - LOCAL NOTE (RLIN) | |
| Local note | Includes bibliography |
| 650 #0 - SUBJECT ADDED ENTRY--TOPICAL TERM | |
| Topical term or geographic name entry element | Neuropsychology. |
| Withdrawn status | Lost status | Damaged status | Not for loan | Home library | Current library | Shelving location | Date acquired | Total checkouts | Full call number | Barcode | Date last seen | Price effective from | Koha item type |
|---|---|---|---|---|---|---|---|---|---|---|---|---|---|
| Centerville | Centerville | General stacks | 22/03/2026 | QP360 .L8713 1973 | BC0011145 | 22/03/2026 | 22/03/2026 | Books |